00820nam a22002417a 450000500170000001000130001702000220003003500130005203700160006504000120008108200150009310000250010824500650013326000400019827000430023830000240028150000510030565000280035665000290038494200240041399900190043795201220045620170124110009.0 aA-596891 c00.00a8185495157 aA-596891 bCen Lib/Ret aDPLbEN a305.5bSHA aSharma, Arjun917400 aCaste, class and politics in rural india /cby Arjun Sharma  bKhama Publishers aNew Delhi c1993 bNew Delhie110063aA-6, paschim vihar  axii,176p.c21cm(Hb) aIncludes bibliographical references and index  aSheduled castes 917401 aPolitical aspects 96707 2ddccENh305.5mSHA c126385d126385 00104070aLbLd2015-06-25eCen Lib/Retg0.00l0o305.5 SHApA-596891r2015-06-25 00:00:00t1v0.00w2015-06-25yEN